000 00403nam a22001697a 4500
003 OSt
008 210223b ||||| |||| 00| 0 eng d
020 _a9788179923269
082 _a338.7 ROC
100 _aROTHMAN,Howard
245 _a50 Companies that Changed the World
250 _a1st and IMP 15th
260 _aNew Delhi
_bJaico
_c2013
300 _a253
650 _aGENERAL
942 _2ddc
_cBK
999 _c10484
_d10484